000
00341 a2200169 4500
001
188089
020
_a
978-85-260-1209-7
040
_c
Magnum
100
_a
Neves, André
240
1
0
_a
Casulos
_l
por
245
1
0
_a
Casulos
300
_a
24
362
0
_a
2007
440
1
_a
Global
697
_a
LITERATURA INFANTO-JUVENIL
942
_c
BK
999
_c
188089
_d
188089